|
|
|
|
| LEADER |
00628nab a2200157 i 4500 |
| 001 |
misc5957 |
| 005 |
20191106142304.0 |
| 008 |
170607s1934 hu o 0|| hun d |
| 040 |
|
|
|a SZTE Miscellanea Repozitórium
|b hun
|
| 041 |
|
|
|a hun
|
| 245 |
0 |
2 |
|a A részvénytársaság igazgatósági és felügyelő-bizottsági tagjainak felelőssége
|h [elektronikus dokumentum]
|
| 260 |
|
|
|c 1934
|
| 300 |
|
|
|a 164-165a
|
| 490 |
0 |
|
|a Polgári jog : a hazai és külföldi magánjog és hiteljog szemléje
|v 10
|
| 695 |
|
|
|a Társasági jog részvénytársaság
|
| 856 |
4 |
0 |
|u http://misc.bibl.u-szeged.hu/5957/1/polgari_jog_1934_164-165a.pdf
|z Dokumentum-elérés
|